000 00330nam a22001217a 4500
999 _c1060
_d1060
005 20200824102146.0
008 200824b ||||| |||| 00| 0 eng d
020 _a1382
040 _cCML
245 _aHuman Ability.
_cspearman, C.
260 _aLondon
_bMacmillan
_c1950
942 _2ddc
_cBK
_e1st Edition
_h153
_mSPE